Statystyki dla Najdłuższe jednoczłonowe nazwy polskich miast

Kliknij tutaj aby rozwiązać quiz!

Ogólne statystyki

  • Ten quiz został rozwiązany 48 razy
  • Średni wynik to 12 z 42

Statystyki odpowiedzi

WojewództwoLiczba literMiasto% Poprawnych
śląskie14Świętochłowice
71%
świętokrzyskie12Starachowice
66%
śląskie11Częstochowa
60%
zachodniopomorskie11Świnoujście
54%
dolnośląskie11Świebodzice
49%
lubelskie13Szczebrzeszyn
49%
zachodniopomorskie12Międzyzdroje
43%
łódzkie12Skierniewice
43%
dolnośląskie11Bolesławiec
40%
kujawsko-pomorskie11Ciechocinek
40%
śląskie11Szczekociny
40%
podlaskie12Ciechanowiec
37%
opolskie12Zdzieszowice
37%
dolnośląskie11Dzierżoniów
34%
lubuskie11Międzyrzecz
34%
podlaskie11Siemiatycze
34%
pomorskie12Władysławowo
34%
dolnośląskie11Międzylesie
31%
małopolskie11Niepołomice
31%
dolnośląskie12Nowogrodziec
31%
lubuskie13Szlichtyngowa
31%
świętokrzyskie11Działoszyce
26%
pomorskie11Kościerzyna
26%
świętokrzyskie11Koprzywnica
23%
łódzkie11Krośniewice
23%
małopolskie11Krzeszowice
23%
lubelskie12Modliborzyce
23%
mazowieckie11Białobrzegi
20%
śląskie12Ogrodzieniec
20%
śląskie11Sośnicowice
20%
świętokrzyskie11Pierzchnica
17%
lubelskie11Zwierzyniec
17%
opolskie11Kolonowskie
14%
wielkopolskie11Puszczykowo
14%
mazowieckie11Wyśmierzyce
14%
zachodniopomorskie11Mieszkowice
11%
wielkopolskie11Pobiedziska
11%
wielkopolskie11Sulmierzyce
11%
wielkopolskie11Czerniejewo
9%
zachodniopomorskie11Mirosławiec
9%
wielkopolskie11Rakoniewice
9%
lubelskie11Siedliszcze
6%

Rozkład punktacji

Percentyl według liczby udzielonych odpowiedzi

Procent ludzi z każdym wynikiem

Twoja historia wyników

Nie rozwiązałeś tego quizu